00549 2200181 4500001002100000005001500021035002000036245014700056100002100203250000600224300002200230260003300252082001300285084001900298020001800317600002100335650001100356INLIS00000000000099120240305033812 a0010-03240000041 aDahsyatnya salat tahajud dan salat duha :bcara hidup sehat, berkah, dan rezeki berlimpah dimulai bangun lebih pagi /cUstadz Muhammad fadhlun0 aMuhammad fadhlun a1 a190 ;c14 x 20 cm asemarang :bSyalmahat,c2023 a297.3822 a297.3822 MUH d a978623913782304aMuhammad fadhlun 4ashalat